History Quiz

Random History or Biography Quiz

Henrys Who Changed the US Quiz Stats

 Plays Quiz Updated Aug 31, 2017

     
Support Sporcle.
Go Orange.
Score 0/18 Timer 05:00
0 Plays Today
% Correct
Henry Ford
97.5%
Henry Fonda
88.8%
Hank Aaron
87.9%
Henry Kissinger
87.1%
William Henry Harrison
82.3%
Beulah Louise Henry
80.3%
Henry David Thoreau
79.6%
Henry Hudson
76.5%
Henry Mancini
74.5%
% Correct
Hank Greenberg
73.7%
Patrick Henry
73.1%
Henry Wadsworth Longfellow
72.7%
Henry Cabot Lodge
62.2%
Hank Ketcham
61.1%
Henry Clay
53.1%
Hank Iba
50.4%
Benjamin Tyler Henry
47.3%
Henry Miller
47.2%

From the Vault

Mixed Word: Eminem Songs

by Thebiguglyalien

Music 4m
Try this quiz with a bunch of M&Ms in your mouth for maximum success.
Remove Ads.
Support Sporcle.
Get the best of Sporcle when you Go Orange. This ad-free experience offers more features, more stats, and more fun while also helping to support Sporcle. Thank you for becoming a member.

Show Comments

Extras

Top Quizzes Today


Score Distribution

Your Account Isn't Verified!

In order to create a playlist on Sporcle, you need to verify the email address you used during registration. Go to your Sporcle Settings to finish the process.

Report this User

Report this user for behavior that violates our Community Guidelines.

Details: